000 00537cam a2200157 a 4500
082 0 0 _a954.9205
_bSAJ
_cL-39, P-20
100 1 _aHusain, Syed Sajjad.
_946523
245 1 4 _aThe wastes of time :
_breflections on the decline and fall of East Pakistan /
_cSyed Sajjad Husain.
250 _a1st ed.
260 _aLahore :
_bInstitute of Islamic Culture,
_c1996.
300 _a294 p. ;
_c22 cm.
500 _aIncludes index.
526 _a0
_b0
_c0
_d954_920500000000000_SAJ
650 0 _aPolitical prisoners
_zBangladesh
_946524
942 _2ddc
_cBK
999 _c549838
_d549838